مكتبة جامعة عجلون الوطنية

فهرس بحث المكتبة

Normal view MARC view
  • النقد الأدبي - العصر الجاهلي - القرن الرابع عشر

Entry Topical Term

Number of records used in: 1

001 - CONTROL NUMBER

  • control field: 18845

003 - CONTROL NUMBER IDENTIFIER

  • control field: JO-AjAnu

005 - DATE AND TIME OF LATEST TRANSACTION

  • control field: 20230606073313.0

008 - FIXED-LENGTH DATA ELEMENTS

  • fixed length control field: 230606|| aca||aabn | a|a d

040 ## - CATALOGING SOURCE

  • Original cataloging agency: JO-AjAnu
  • Transcribing agency: JO-AjAnu

150 ## - HEADING--TOPICAL TERM

  • Topical term or geographic name entry element: النقد الأدبي - العصر الجاهلي - القرن الرابع عشر

670 ## - SOURCE DATA FOUND

  • Source citation: Work cat.: (JO-AjAnu)9671: تأليف إبراهيم، طه أحمد, author 18844, تاريخ النقد الأدبي عند العرب من العصر الجاهلي إلى القرن الرابع هجري